000 00804cam a2200277 c 4500
001
003
005 20220921083321.0
008 110707s2010 sp | |||| 000 f spa
020 _a9788426417787
040 _aBPMSU
_bspa
_cBPMSU
_e
082 _a823.91
_bC862m 2010
_222
100 1 _aBerkeley, Anthony
_d1893-1971
_0
245 1 3 _aEl misterio de Layton Court /
_cAnthony Berkeley ; traducción de Miguel Temprano García
_h
250 _a
260 _aBarcelona, España
_bLumen,
_c2010
300 _a 298 p. ;
_c22 cm
490 0 _aPalabra en el tiempo
650 4 _aNovela policíaca inglesa.
650 4 _aNovela de intriga
700 1 _aTemprano García, Miguel
_d1968-
830 0 _aPalabra en el tiempo
910 _aVMateo V./ Validado
942 _2ddc
_cBK
956 _a2
999 _c14271
_d14271